000
00293nam a22000977a 4500
008
160603b xxu||||| |||| 00| 0 eng d
100
_a
Dusterbehn, H.
245
_a
Katalog der deutschen Eisenbahnmarken
260
_a
Oldenburg i. Gr., Germany
_b
H. Dusterbehn
_c
1950
650
_a
Germany | Railway Mail
999
_c
2036
_d
2036